LAX Nonstop Quiz Stats

 Plays Quiz not verified by Sporcle

Challenge
Share
Tweet
Embed
Score 0/164 Timer 15:00
1 Play Today
Airline(s) City % Correct
Aeromexico,Alaska Airlines,Mexicana,United Airlines Mexico City
95.9%
AeroflotMoscow
95.7%
Air New Zealand,British Airways,Virgin Atlantic AirlinesLondon
92.5%
American Airlines,United Airlines,British Airways London
92.5%
Air Canada,Alaska Airlines,United Airlines,WestJetVancouver
91%
Air CanadaToronto
90.9%
American Airlines,Delta Airlines,Jetblue,United Airlines,Virgin America New York
89.9%
Air ChinaBeijing
89.8%
Alaska Airlines,Horizon Air,United Airlines,Virgin AmericaSeattle
89.3%
Air France, Air Tahiti Nui Paris
89.1%
Alaska Airlines,American Airlines,Southwest Airlines,United Airlines,Virgin AmericaSan Francisco
89%
American AirlinesDallas
88.7%
United AirlinesDallas
88.7%
American AirlinesMiami
88.3%
Delta Airlines,Qantas,V AustraliaSydney
88.3%
Continental Airlines,Southwest AirlinesHouston
87.3%
American Airlines,Southwest Airlines,United Airlines Chicago
86.9%
All Nippon Airways,American Airlines,Delta Airlines,Japan Airlines, Korean Airlines,Northwest Airlines,Singapore Airlines,United Airlines Tokyo
86.4%
American Airlines,Jetblue,United Airlines,Virgin America Boston
86.1%
Air Canada,American AirlinesMontreal
85.3%
American Airlines,Frontier Airlines,Southwest Airlines,United Airlines Denver
85.2%
American Airlines,Northwest Airlines,Southwest Airlines,United Airlines,US AirwaysLas Vegas
85%
AirTran Airways,Delta AirlinesAtlanta
84.6%
Alaska Airlines,Horizon Air,Southwest Airlines,United Airlines Portland
84.2%
Southwest Airlines,United Airlines,US AirwaysPhoenix
83.7%
LufthansaFrankfurt
83%
KLM Amsterdam
82.9%
Delta Connection,United AirlinesSan Diego
82.8%
American Eagle,Southwest Airlines,United Airlines San Jose
82.1%
LacsaSan Jose
82.1%
LufthansaMunich
81.9%
Alaska Airlines,American Airlines,United Airlines,Virgin America Washington,DC
81.4%
Northwest Airlines,Spirit AirlinesDetroit
81.1%
Northwest Airlines,Sun Country AirlinesMinneapolis
80.1%
Alaska Airlines,Delta Airlines,Mexicana,United Airlines Cancun
79.7%
Qantas,United Airlines, V AustraliaMelbourne
79.4%
American Airlines,Delta Airlines,United Airlines Orlando
79.1%
Singapore AirlinesSingapore
79.1%
United Airlines,US AirwaysPhiladelphia
78.4%
American Airlines,Continental Airlines,Delta Airlines,Hawaiian Airlines,Northwest Airlines,United Airlines Honolulu
78.1%
Air Canada,WestJetCalgary
78%
LAN,LAN PeruLima
77.7%
Asiana Airlines, Korean Air Seoul
77.5%
China Eastern AirlinesShanghai
77.4%
Air New Zealand,QantasAuckland
77.1%
Delta AirlinesSao Paulo
77%
Korean AirSao Paulo
77%
Delta Airlines,United AirlinesNew Orleans
76.9%
LANSantiago
76.4%
Delta Airlines,Delta Connection,Southwest Airlines,United AirlinesSalt Lake City
76.1%
American AirlinesSt. Louis
74.8%
Cathay PacificHong Kong
74.8%
Midwest Airlines,Southwest AirlinesKansas City
74.5%
Philippine AirlinesManila
73.9%
Southwest Airlines,United AirlinesSan Antonio
73.4%
Airline(s) City % Correct
Thai Airways InternationalBangkok
73.2%
Continental AirlinesCleveland
72.9%
Northwest AirlinesTampa
72.8%
American Airlines,Southwest AirlinesAustin
72.4%
US AirwaysCharlotte
71.8%
Alaska AirlinesAnchorage
71.3%
Northwest AirlinesMemphis
71.3%
Southwest Airlines,United AirlinesSacramento
70.7%
AirTran Airways,United AirlinesBaltimore
70.6%
American Airlines,Southwest AirlinesNashville
70.6%
American Airlines,Continental AirlinesNewark
70%
Horizon Air,Southwest Airlines,United Airlines Reno
69.9%
United AirlinesPittsburgh
68.6%
Air Canada,West JetEdmonton
68.4%
Delta AirlinesCincinnati
68.2%
United AirlinesOklahoma City
68.1%
Swiss International AirlinesZurich
68%
Malaysia AirlinesKuala Lumpur
67.8%
Aeromexico,Mexicana,VolarisGuadalajara
67.1%
Alaska AirlinesGuadalajara
67.1%
Delta AirlinesGuadalajara
67.1%
AirTran Airways,Midwest AirlinesMilwaukee
66.9%
Horizon Air,United AirlinesBoise
66.7%
CopaPanama City
66.4%
Southwest Airlines,United Airlines Albuquerque
66.4%
Southwest Airlines,United AirlinesEl Paso
65.7%
China Airlines,EVA Airlines,Malaysia AirlinesTaipei
65.5%
Southwest AirlinesOakland
65.2%
AirTran Airways,Northwest AirlinesIndianapolis
64.8%
EmiratesDubai
64.5%
El AlTel Aviv
64.3%
Southwest Airlines,United AirlinesTucson
63.8%
AviancaBogota
63.3%
American Airlines,TACASan Salvador
60.8%
American AirlinesSan Juan
60.4%
Qantas,United Airlines,V AustraliaBrisbane
59.5%
Delta Airlines,TACA,LacsaGuatemala City
58.5%
United AirlinesColorado Springs
54.7%
American Eagle,United AirlinesFresno
54.4%
United AirlinesTulsa
51.8%
Air BerlinDusseldorf
50.4%
American EagleSanta Fe
49.2%
AlitaliaRome
48.5%
Allegiant AirDes Moines
48.3%
Turkish AirlinesIstanbul
47.8%
Delta Airlines,Virgin AmericaFort Lauderdale
45.4%
Spirit AirlinesFort Lauderdale
45.4%
Allegiant AirBillings
45%
Delta AirlinesAcapulco
43.8%
United AirlinesBakersfield
43.6%
Horizon AirEugene
43.6%
Allegiant AirWichita
42.6%
China Southern AirlinesGuangzhou
41.9%
Alaska Airlines,Delta Airlines,Mexicana,United Airlines Puerto Vallarta
40.7%
American EagleMonterey
39.5%
Airline(s) City % Correct
United AirlinesMonterey
39.5%
American EagleSanta Barbara
39.2%
United AirlinesSanta Barbara
39.2%
Allegiant AirFargo
35.4%
United AirlinesPalm Springs
35.2%
Horizon AirFlagstaff
35.1%
Air France,Air Tahiti NuiPapeete
34.2%
United AirlinesAspen
33.6%
American AirlinesVail
31.4%
Air New ZealandApia
31.3%
Allegiant AirSioux Falls
29.4%
American Airlines,Delta Airlines,United AirlinesKona
28.9%
Allegiant AirBranson
28.3%
United AirlinesJackson Hole
27.7%
United AirlinesYuma
27.2%
Alaska AirlinesMazatlan
26.2%
United AirlinesSan Luis Obispo
25.8%
Allegiant AirMissoula
24.9%
Horizon AirEureka
24.8%
Horizon AirRedding
24.3%
Air New ZealandNuku'alofa
24.1%
Aeromexico Connect,MexicanaLeon
23.3%
American Airlines,Delta Airlines,United Airlines Lihue
23.3%
Horizon AirLa Paz
22.5%
Air PacificNadi
22.4%
MexicanaOaxaca
21.4%
Horizon AirRedmond
21%
American Airlines,Continental Airlines,Delta Airlines,United Airlines Kahului
20.9%
Allegiant Air,Horizon Air Medford
20.3%
Horizon AirSanta Rosa
20%
Aeromexico ConnectHermosillo
19.7%
Allegiant AirGrand Junction
17.5%
Allegiant AirBellingham
17%
Aeromexico ConnectAguascalientes
15.7%
Air New ZealandRarotonga
15%
Horizon AirMammoth Lakes
13.5%
American EagleRoswell
13.3%
Allegiant AirBentonville
13.2%
Horizon AirSun Valley
13%
United AirlinesOxnard
12.3%
United AirlinesSanta Maria
12.3%
VolarisToluca
12.1%
Alaska AirlinesManzanillo
11.9%
United AirlinesCarlsbad
11.7%
United AirlinesMontrose
10.3%
Horizon AirPrescott
10.2%
Mexicana,VolarisMorelia
9.5%
Aeromexico ConnectCuliacan
9%
Mexicana,VolarisZacatecas
8.6%
Alaska Airlines,Horizon AirLoreto
8.1%
Alaska Airlines,American Airlines,Mexicana,United Airlines San Jose Del Cabos
8%
Alaska AirlinesIxtapa Zihuatanejo
7.8%
United AirlinesImperial
7.8%
United AirlinesInyokern
7.4%

You're not logged in!

Compare scores with friends on all Sporcle quizzes.
Join for Free
OR
Log In

You Might Also Like...

Show Comments

Extras

Top Quizzes Today


Score Distribution

Your Account Isn't Verified!

In order to create a playlist on Sporcle, you need to verify the email address you used during registration. Go to your Sporcle Settings to finish the process.

Report this User

Report this user for behavior that violates our Community Guidelines.

Details: